| 000 | 00414nam a2200157Ia 4500 | ||
|---|---|---|---|
| 008 | 240729s9999 xx 000 0 und d | ||
| 022 | _a2663-0311 | ||
| 245 | 0 | _aMosul Journal of Nursing | |
| 260 | _aIraq | ||
| 260 | _bCollege of Nursing,University of Mosul | ||
| 650 | _a Nursing | ||
| 650 | _aMedicine | ||
| 856 | _uhttps://doaj.org/toc/56d636095b474f878d7b5d342dd1a347 | ||
| 942 | _2ddc | ||
| 942 | _cDOAJEJ | ||
| 999 |
_c70413 _d70413 |
||
| 945 |
_a1 _bMadushi Gamage _c1 _dMadushi Gamage |
||